| 000 | 00949nam a22002297i 4500 | ||
|---|---|---|---|
| 999 |
_c23195 _d23195 |
||
| 003 | AR-CdUCM | ||
| 008 | 250124b20232023 pe||||| |||| 00| 0 eng d | ||
| 020 | _a978-612-00-8673-5 | ||
| 040 |
_aMUNICIPALIDAD PROVINCIAL DEL CUSCO _cBIBLIOTECA MUNICIPAL DEL CUSCO |
||
| 041 | _hspa | ||
| 082 |
_a370 / M21 _bM21 |
||
| 100 |
_aMamani Calderón, Wilfredo Isidro _950960 |
||
| 245 |
_aCultura Pedagógica : _bElaborado según temario publicado por el Ministerio de Educación / |
||
| 260 |
_aPuno : _bAutor editor _c2023 |
||
| 300 |
_a200 páginas. : _c30x21 cm. |
||
| 505 | _aEnfoques vinculados a la practica pedagógica -- Constructivismo -- Planificación pedagógica -- Demanda cognitiva -- Gestión de los aprendizajes -- Procesos auxiliares del aprendizaje --Trabajo colaborativo | ||
| 650 |
_aPedagogía _91560 |
||
| 650 |
_aAprendizajes _950961 |
||
| 650 |
_aDesarrollo cognitivo _934015 |
||
| 942 |
_2ddc _cLIBROS |
||
| 945 |
_apbjr _d24-01-2025 |
||